[Event "SG Schwäbisch Gmünd 1 - Heilbronner SV 1"]
[Site "Oberliga Württemberg 2017/2018"]
[Date "2017.09.17"]
[Round "1.5"]
[White "Tschlatscher, Thomas"]
[Black "Denisow, Jewgeny"]
[Result "1/2-1/2"]
[WhiteElo "2117"]
[BlackElo "2136"]
[Annotator ""]
[Source ""]
[Remark ""]

1.b3 Nf6 2.Bb2 d5 3.e3 e6 4.Nf3 Be7 5.d4 O-O 6.Bd3 b6 7.O-O Bb7
8.c4 dxc4 9.Bxc4 c5 10.Qe2 Qc7 11.Rc1 Nc6 12.Nbd2 Rad8 13.a3
Qb8 14.dxc5 Bxc5 15.b4 Bd6 16.Bb5 Ne5 17.Nxe5 Bxe5 18.Nf1 Rc8 1/2-1/2

[Event "SG Schwäbisch Gmünd 1 - Heilbronner SV 1"]
[Site "Oberliga Württemberg 2017/2018"]
[Date "2017.09.17"]
[Round "1.7"]
[White "Bissbort, Julian"]
[Black "Reindl, Arno"]
[Result "1/2-1/2"]
[WhiteElo "2021"]
[BlackElo "2002"]
[Annotator ""]
[Source ""]
[Remark ""]

1.e4 c5 2.c3 Nf6 3.e5 Nd5 4.d4 cxd4 5.cxd4 e6 6.Nc3 Nxc3 7.bxc3
d6 8.f4 dxe5 9.fxe5 Qh4+ 10.g3 Qe4+ 11.Kf2 Qc6 12.Bg2 Qxc3 13.Be3
Qc7 14.Rc1 Nc6 15.Ne2 Be7 16.Rf1 O-O 17.Kg1 f6 {(=)} 18.d5 exd5
19.Qxd5+ Kh8 20.e6 Qe5 21.Qf3 Qxe6 22.Nf4 1/2-1/2

[Event "SG Schwäbisch Gmünd 1 - Heilbronner SV 1"]
[Site "Oberliga Württemberg 2017/2018"]
[Date "2017.09.17"]
[Round "1.8"]
[White "Held, Paul"]
[Black "Wenninger, Patrick"]
[Result "1-0"]
[WhiteElo "2128"]
[BlackElo "2049"]
[Annotator ""]
[Source ""]
[Remark ""]

1.e4 c6 2.d3 d5 3.Nd2 e5 4.Ngf3 Bd6 5.g3 Nf6 6.Bg2 Nbd7 7.O-O
O-O 8.Re1 Re8 9.b3 Nf8 10.Bb2 Ng6 11.h3 Qc7 12.Rc1 b5 13.exd5
cxd5 14.c4 Qb6 15.cxd5 Bb7 16.d4 e4 17.Ng5 e3 18.Rxe3 Rxe3 19.fxe3
Bxg3 20.Nde4 Bh4 21.Nxf6+ Qxf6 22.Ne4 Qd8 23.d6 Bxe4 24.Bxe4
Qg5+ 25.Qg4 Qxe3+ 26.Kh1 f5 27.Bd5+ Kh8 28.Bxa8 Qxc1+ 29.Bxc1
fxg4 30.hxg4 Kg8 31.Bd5+ Kf8 32.Bd2 Bd8 33.Kg2 a5 34.Kf3 b4 35.Ke4
Nh4 36.Ke5 Bf6+ 37.Ke6 Ke8 38.Be3 Ng6 39.Bc6+ Kd8 40.g5 1-0

[Event "SV Stuttgart-Wolfbusch 1 - SC Weiße Dame Ulm 1"]
[Site "Oberliga Württemberg 2017/2018"]
[Date "2017.09.17"]
[Round "1.1"]
[White "Jochens, Arne"]
[Black "Häcker, Alexander"]
[Result "1/2-1/2"]
[WhiteElo "2233"]
[BlackElo "2222"]
[Annotator ""]
[Source ""]
[Remark ""]

1.c4 c6 2.Nf3 d5 3.e3 Nf6 4.Nc3 g6 5.d4 Bg7 6.Be2 O-O 7.O-O dxc4
8.Bxc4 Bf5 9.Qe2 Ne4 10.Rd1 Qa5 11.Nh4 Nd6 12.Nxf5 Nxf5 13.Bd2
Qd8 14.b4 Nd7 15.Bb3 e6 16.Rac1 Qe7 17.Ne4 e5 18.d5 cxd5 19.Bxd5
Nf6 20.Nxf6+ Bxf6 21.g4 Nd6 22.b5 Rac8 23.Bb4 Rxc1 24.Rxc1 Rd8
25.Qf3 b6 26.Rc6 Kg7 27.e4 Qf8 28.Rc7 Be7 29.Qc3 f6 30.Qa3 Kh6
31.Bd2+ g5 32.Rxa7 Kg6 33.Bb4 Nxb5 34.Bxe7 Qe8 35.Qa6 Rxd5 36.exd5
Nxa7 37.Qxa7 Qb5 38.Bf8 Qb1+ 39.Kg2 Qe4+ 40.Kf1 Qb1+ 41.Ke2 Qc2+
42.Ke3 1/2-1/2

[Event "SV Stuttgart-Wolfbusch 1 - SC Weiße Dame Ulm 1"]
[Site "Oberliga Württemberg 2017/2018"]
[Date "2017.09.17"]
[Round "1.2"]
[White "Ruf, Matthias"]
[Black "Fleischer, Frank"]
[Result "1-0"]
[WhiteElo "2333"]
[BlackElo "2180"]
[Annotator ""]
[Source ""]
[Remark ""]

1.b3 d6 2.Bb2 f5 3.g3 Nf6 4.Bg2 e6 5.c4 Be7 6.e3 O-O 7.Nc3 c6
8.Nge2 Qc7 9.O-O Kh8 10.a3 a6 11.Qc2 e5 12.Rac1 Be6 13.d4 e4
14.d5 cxd5 15.Nf4 Bg8 16.cxd5 Nbd7 17.Qd1 Qd8 18.Bh3 g6 19.g4
fxg4 20.Bxg4 Ne5 21.Bh3 g5 22.Nfe2 Nd3 23.Rc2 Nxb2 24.Rxb2 Qb6
25.b4 Rac8 26.Bxc8 Rxc8 27.Rc2 Rc4 28.Qa1 Kg7 29.Ng3 Kg6 30.Rcc1
Qd8 31.Qb1 Qd7 32.Ncxe4 Rxe4 33.f3 Nxd5 34.Qxe4+ Kg7 35.Nf5+
Kf8 36.Rfd1 1-0

[Event "SV Stuttgart-Wolfbusch 1 - SC Weiße Dame Ulm 1"]
[Site "Oberliga Württemberg 2017/2018"]
[Date "2017.09.17"]
[Round "1.3"]
[White "Egle, Heiko"]
[Black "Ludwig, Sebastian"]
[Result "1-0"]
[WhiteElo "2164"]
[BlackElo "2069"]
[Annotator ""]
[Source ""]
[Remark ""]

1.d4 e6 2.Nf3 f5 3.g3 Nf6 4.Bg2 Be7 5.O-O O-O 6.c4 d6 7.b3 Qe8
8.Bb2 Ne4 9.Nbd2 Bf6 10.Qc2 Nxd2 11.Qxd2 Qh5 12.Ne1 g5 13.e4
f4 14.e5 dxe5 15.dxe5 Be7 16.Qd1 g4 17.gxf4 Rxf4 18.Nd3 Rf7 19.Re1
Qh4 20.Re4 h5 21.Qe2 Bd7 22.Rf4 Nc6 23.Rxf7 Kxf7 24.Qe4 Rg8 25.Rd1
Nd8 26.Nf4 Bc6 27.Qh7+ Rg7 28.Qxh5+ Qxh5 29.Nxh5 Rg5 30.Nf6 Bxg2
31.Kxg2 Nc6 32.Ne4 Rh5 33.Rd7 Nxe5 34.Rxc7 Kf8 35.Ng3 Rg5 36.Rxb7
Nd3 37.Bd4 a5 38.Be3 Re5 39.h3 gxh3+ 40.Kxh3 Nb4 41.a4 Nd3 42.Kg2
Bb4 43.Rb5 Rxb5 44.axb5 Ke7 45.Ne4 Ne1+ 46.Kf1 Nc2 47.Bg5+ Kd7
48.Bf6 a4 49.bxa4 Na3 50.c5 Nc4 51.Ke2 e5 52.Kd3 Nb2+ 53.Kc2
Nxa4 54.c6+ Ke6 55.Bd8 Bc5 56.Nxc5+ Nxc5 57.b6 Na6 58.c7 Kd7
59.b7 1-0

[Event "SV Stuttgart-Wolfbusch 1 - SC Weiße Dame Ulm 1"]
[Site "Oberliga Württemberg 2017/2018"]
[Date "2017.09.17"]
[Round "1.4"]
[White "Schapotschnikow, Philipp"]
[Black "Weber, Franz-Josef"]
[Result "1-0"]
[WhiteElo "2149"]
[BlackElo "2047"]
[Annotator ""]
[Source ""]
[Remark ""]

1.e4 d6 2.Nc3 Nf6 3.f4 e5 4.Nf3 exf4 5.d4 Nh5 6.Bc4 Be6 7.Bxe6
fxe6 8.Qe2 c6 9.O-O g6 10.e5 d5 11.g4 Ng7 12.Bxf4 Be7 13.Qe3
O-O 14.Ne2 c5 15.c3 cxd4 16.Nfxd4 Nc6 17.Bh6 Qd7 18.Nf4 Nxd4
19.cxd4 Rac8 20.Qd3 Bb4 21.Rf3 Ba5 22.Raf1 Bb6 23.b3 Rf7 24.Kg2
Rcf8 25.h4 Qe7 26.Bg5 Qb4 27.Bf6 Bxd4 28.Bxg7 Rxg7 29.Nxe6 Rxf3
30.Qxf3 1-0

[Event "SV Stuttgart-Wolfbusch 1 - SC Weiße Dame Ulm 1"]
[Site "Oberliga Württemberg 2017/2018"]
[Date "2017.09.17"]
[Round "1.5"]
[White "Mierzwa, Robert"]
[Black "Smolka, Alexander"]
[Result "0-1"]
[WhiteElo "1990"]
[BlackElo "2097"]
[Annotator ""]
[Source ""]
[Remark ""]

1.d4 e6 2.c4 f5 3.Nf3 Nf6 4.g3 Be7 5.Bg2 O-O 6.O-O d6 7.Nc3 a5
8.b3 Ne4 9.Nxe4 fxe4 10.Nd2 d5 11.f3 Bf6 12.Bb2 e3 13.Nb1 dxc4
14.Na3 c5 15.Nxc4 cxd4 16.f4 Nc6 17.Rc1 Ra6 18.Qd3 Nb4 19.Qe4
b5 20.Ne5 Nxa2 21.Rcd1 Qc7 22.Bxd4 Nc3 23.Bxc3 Qxc3 24.Rd3 Qb2
25.Rxe3 a4 26.g4 a3 27.Rh3 g6 28.Rxh7 Kxh7 29.Qxg6+ Kh8 30.Rf3
Qc1+ 31.Bf1 Bh4 32.Qh6+ Kg8 33.Qxh4 Qc7 34.Rc3 Qg7 35.Qe1 Bb7
36.Qa1 Rxf4 37.Rg3 Re4 38.Qd1 Bd5 39.Nf3 a2 40.Qc1 Rc6 0-1

[Event "SV Stuttgart-Wolfbusch 1 - SC Weiße Dame Ulm 1"]
[Site "Oberliga Württemberg 2017/2018"]
[Date "2017.09.17"]
[Round "1.6"]
[White "Montigel, Philipp"]
[Black "Wolf, Rainer"]
[Result "1/2-1/2"]
[WhiteElo "2008"]
[BlackElo "2004"]
[Annotator ""]
[Source ""]
[Remark ""]

1.b3 d5 2.Bb2 e6 3.Nf3 Nf6 4.e3 Be7 5.c4 O-O 6.d4 Nbd7 7.Bd3
c5 8.Nc3 cxd4 9.exd4 Re8 10.O-O Nf8 11.c5 N6d7 12.Re1 Bf6 13.Qd2
g6 14.b4 Bg7 15.Qf4 a5 16.a3 axb4 17.axb4 Rxa1 18.Bxa1 e5 19.dxe5
Ne6 20.Qd2 Nc7 21.Nb5 Re7 22.Nd6 Nb8 23.Bc2 Nca6 24.Bc3 Be6 25.Nd4
b6 26.Nxe6 fxe6 27.Bd4 bxc5 28.bxc5 Nc6 29.Ba4 Nab4 30.f4 Ra7
31.Bxc6 Nxc6 32.Ra1 Qa8 33.Rxa7 Qxa7 34.Qb2 Qa4 35.Be3 d4 36.Bd2
h5 37.Kf2 h4 38.g3 Qd1 39.Be1 Qg4 40.Qe2 hxg3+ 41.hxg3 Qh3 42.Qe4
Qh2+ 43.Qg2 Qxg2+ 44.Kxg2 g5 45.Kf3 Kf8 46.Ke4 gxf4 47.gxf4 Ke7
48.Bf2 Bh6 49.Bh4+ Kd7 50.Bg5 Bf8 51.Kd3 Bg7 52.Ke4 Bf8 53.Bh4
Bg7 54.Be1 Bh6 55.Bd2 Bf8 56.Kd3 Bg7 57.Ke4 Bf8 58.Kd3 Bg7 59.Kc4
Bf8 60.Nb5 Bh6 61.Kd3 Bf8 62.Nxd4 Bxc5 63.Nxc6 Kxc6 64.Ke4 Kd7
65.f5 exf5+ 66.Kxf5 Ke8 67.Bc3 Ba3 68.Bd4 Bc1 1/2-1/2

[Event "SV Stuttgart-Wolfbusch 1 - SC Weiße Dame Ulm 1"]
[Site "Oberliga Württemberg 2017/2018"]
[Date "2017.09.17"]
[Round "1.7"]
[White "Gebhardt, Uwe"]
[Black "Severin, Andreas"]
[Result "1-0"]
[WhiteElo "1953"]
[BlackElo "2007"]
[Annotator ""]
[Source ""]
[Remark ""]

1.d4 e6 2.c4 f5 3.Nc3 Nf6 4.g3 Be7 5.Bg2 O-O 6.Nh3 d6 7.O-O c6
8.e4 e5 9.exf5 Bxf5 10.Ng5 h6 11.Nge4 Nxe4 12.Nxe4 Kh8 13.dxe5
dxe5 14.Qe2 Qc7 15.Bd2 Nd7 16.Bc3 Rae8 17.Rad1 Nf6 18.Rd2 Nxe4
19.Bxe4 Bc5 20.b4 Bd4 21.Bxf5 Bxc3 22.Rd7 Qb6 23.Qg4 g5 24.Rh7+
Kg8 25.Rxh6 Bd2 26.Qh5 1-0

[Event "SV Stuttgart-Wolfbusch 1 - SC Weiße Dame Ulm 1"]
[Site "Oberliga Württemberg 2017/2018"]
[Date "2017.09.17"]
[Round "1.8"]
[White "Häcker, Johannes"]
[Black "Berning, Boris"]
[Result "1-0"]
[WhiteElo "2040"]
[BlackElo "2006"]
[Annotator ""]
[Source ""]
[Remark ""]

1.d4 Nf6 2.c4 d6 3.Nc3 Nbd7 4.Nf3 e5 5.e3 c6 6.Be2 Be7 7.O-O
O-O 8.Qc2 Qc7 9.b3 b6 10.Bb2 Bb7 11.Rac1 Rac8 12.Ba3 Rfe8 13.Rfd1
e4 14.Nd2 d5 15.Qb2 Qb8 16.Re1 a6 17.f3 c5 18.fxe4 cxd4 19.Nxd5
Bxa3 20.Qxa3 dxe3 21.Nf1 Bxd5 22.exd5 Qf4 23.Ng3 Ne4 24.Nxe4
Qxe4 25.Qd6 Qe7 26.Qxe7 Rxe7 27.b4 f5 28.Rf1 Re5 29.h4 g6 30.g3
Kg7 31.Rfd1 Kf6 32.Rc3 Re4 33.Rdc1 Ke7 34.c5 Rxb4 35.d6+ Kd8
36.c6 Nc5 37.Rxc5 bxc5 38.c7+ Kd7 39.Bxa6 Ra8 40.Rxc5 Rb1+ 41.Kg2
Rb6 42.c8Q+ Rxc8 43.Bxc8+ Kxd6 44.Rc2 Ke5 45.Re2
{Nach Aussage von Sfr Häcker hat Schwarz jetzt "zweimal hintereinander"
gezogen: 45...Ke4 und 45...h6 46.a4 g5 47.hxg5 hxg5 48.Ta2 f4 49.Lg4 Ta6 50.a5
Kd4 51.Le2 Ta7 52.a6 Kc5 53.Ta5+ Kb6 54.Txg5 Tf7 55.Tg6+ Ka7 56.g4 1:0}
 1-0

[Event "SC Weiler im Allgäu 1 - SV Jedesheim 1"]
[Site "Oberliga Württemberg 2017/2018"]
[Date "2017.09.17"]
[Round "1.1"]
[White "Krassowitzki, Jaroslaw"]
[Black "Plat, Vojtech"]
[Result "0-1"]
[WhiteElo "2448"]
[BlackElo "2521"]
[Annotator ""]
[Source ""]
[Remark ""]

1.d4 d6 2.c4 e5 3.Nf3 exd4 4.Nxd4 Nf6 5.Nc3 Be7 6.g3 O-O 7.Bg2
c6 8.O-O a5 9.Qc2 Re8 10.Rd1 Bf8 11.b3 Na6 12.Bb2 Nc5 13.a3 Qb6
14.Rab1 Bg4 15.h3 Bh5 16.f4 a4 17.b4 Ne6 18.Ne4 Nxe4 19.Bxe4
g6 20.g4 Nxf4 21.gxh5 Re5 22.Rf1 Nxh3+ 23.Kh2 Ng5 24.Bg2 Rae8
25.e4 Qc7 26.Kg1 Qb6 27.Qf2 Rxe4 28.Kh1 Rg4 29.Rbe1 Re5 30.c5
Qd8 31.Nf5 Rxe1 32.Rxe1 Ne6 33.Bf3 Rf4 34.Nxd6 Bxd6 35.cxd6 Rxf3
36.Qxf3 Qh4+ 37.Kg2 Qxe1 38.Qc3 Qe4+ 39.Kf2 Qf4+ {evtl. Zeitüberschreitung}
 0-1

[Event "SC Weiler im Allgäu 1 - SV Jedesheim 1"]
[Site "Oberliga Württemberg 2017/2018"]
[Date "2017.09.17"]
[Round "1.2"]
[White "Cvek, Robert"]
[Black "Heidenfeld, Mark"]
[Result "1/2-1/2"]
[WhiteElo "2501"]
[BlackElo "2340"]
[Annotator ""]
[Source ""]
[Remark ""]

1.Nf3 e6 2.c4 d5 3.g3 Nf6 4.Bg2 Be7 5.O-O O-O 6.b3 c5 7.Bb2 Nc6
8.cxd5 Nxd5 9.Nc3 Nxc3 10.Bxc3 Rb8 11.Qc2 b6 12.Rfd1 Nd4 13.Bxd4
cxd4 14.Ne5 Bb7 15.Bxb7 Rxb7 16.Qe4 Rc7 17.Rac1 f5 18.Qd3 Bf6
19.Nf3 Rff7 20.Rc4 Rxc4 21.Qxc4 e5 22.Rc1 g6 23.d3 Kg7 {(=)}
24.h4 e4 25.Ng5 Bxg5 26.hxg5 exd3 27.Qxd3 Qxg5 28.Qxd4+ Qf6 29.Qxf6+
Kxf6 30.f4 Ke6 31.Kf2 Kd5 32.Ke3 a5 33.Kd3 Re7 34.Rc8 Rd7 35.e3
Re7 1/2-1/2

[Event "SC Weiler im Allgäu 1 - SV Jedesheim 1"]
[Site "Oberliga Württemberg 2017/2018"]
[Date "2017.09.17"]
[Round "1.3"]
[White "Anistratov, Dmitriy"]
[Black "Henrichs, Thomas"]
[Result "1-0"]
[WhiteElo "2233"]
[BlackElo "2479"]
[Annotator ""]
[Source ""]
[Remark ""]

1.Nf3 c5 2.e4 d6 3.d4 cxd4 4.Qxd4 Nc6 5.Bb5 Bd7 6.Bxc6 Bxc6 7.Nc3
Nf6 8.Bg5 e6 9.O-O-O Be7 10.Rhe1 O-O 11.e5 dxe5 12.Qh4 Qc7 13.Nxe5
Bxg2 14.Nd7 Nxd7 15.Bxe7 Rfc8 16.Rg1 Ne5 17.Bd6 Ng6 18.Qg3 Qc4
19.Qxg2 b5 20.Qg4 b4 21.Bxb4 Qa6 22.Rd6 1-0

[Event "SC Weiler im Allgäu 1 - SV Jedesheim 1"]
[Site "Oberliga Württemberg 2017/2018"]
[Date "2017.09.17"]
[Round "1.4"]
[White "Balacek, Tadeas"]
[Black "Trussevich, Sergey"]
[Result "1/2-1/2"]
[WhiteElo "2291"]
[BlackElo "2244"]
[Annotator ""]
[Source ""]
[Remark ""]

1.d4 d5 2.Nf3 e6 3.c4 c5 4.cxd5 exd5 5.g3 Nc6 6.Bg2 Nf6 7.O-O
cxd4 8.Nxd4 Be7 9.Nc3 O-O 10.b3 Bg4 11.h3 Be6 12.Nxe6 fxe6 13.Bb2
Qd7 14.Rc1 Rfd8 15.Qd3 Rac8 16.Rfd1 Bf8 17.Qb1 Qf7 18.a3 Na5
19.Qa2 Kh8 20.Nb5 a6 21.Nd4 Bd6 22.Bc3 Nc6 23.Qb2 Qe7 24.Nxc6
bxc6 25.b4 a5 26.e4 axb4 27.axb4 dxe4 28.Bxf6 Qxf6 29.Qxf6 gxf6
30.b5 c5 31.Bxe4 f5 32.Bc6 Kg7 33.Kf1 Kf6 34.Rc4 h6 35.Ke2 e5
36.Ra4 Bb8 37.Rxd8 Rxd8 38.Rc4 Ba7 39.Rh4 Kg5 40.Ra4 Bb6 41.Ra6
Rb8 42.Rxb6 Rxb6 43.Kd3 Kf6 44.Kc4 Ke6 45.Kxc5 Rb8 46.g4 e4 47.b6
Ke5 48.b7 fxg4 49.hxg4 Kf4 50.Kd6 Kf3 51.Kc7 Rxb7+ 52.Bxb7 Kxf2
53.Bxe4 Kg3 54.Bf5 Kf4 55.Kd6 h5 56.gxh5 Kxf5 57.Ke7 Kg5 58.Kf7 1/2-1/2

[Event "SC Weiler im Allgäu 1 - SV Jedesheim 1"]
[Site "Oberliga Württemberg 2017/2018"]
[Date "2017.09.17"]
[Round "1.5"]
[White "Wild, Rudolf"]
[Black "Hasenohr, Benedict"]
[Result "0-1"]
[WhiteElo "2175"]
[BlackElo "2301"]
[Annotator ""]
[Source ""]
[Remark ""]

1.Nf3 d5 2.d4 Nf6 3.c4 c6 4.Nc3 dxc4 5.a4 Bf5 6.e3 e6 7.Bxc4
Bb4 8.O-O O-O 9.Qe2 Nbd7 10.e4 Bg6 11.e5 Nd5 12.Bd2 Qa5 13.Rfc1
Rfd8 14.Nh4 N5b6 15.Bb3 Nf8 16.Nxg6 Nxg6 17.Be3 Rd7 18.Ne4 Rad8
19.Qh5 Rxd4 20.Bxd4 Rxd4 21.Ng5 Rh4 22.Qe2 Qxe5 23.Qxe5 Nxe5
24.a5 Nd5 25.a6 b5 26.g3 Rg4 27.Bxd5 exd5 28.h4 c5 29.Kg2 h6
30.Nh3 Rg6 31.Nf4 Rd6 32.Rd1 d4 33.Nd3 Nxd3 34.Rxd3 c4 35.Rdd1
d3 36.Kf3 Kf8 37.Kg2 Ke7 38.Kf3 Kd7 39.Kg2 Kc7 40.Ra2 Kb6 41.Kf3
Kc5 42.Raa1 Kd4 43.h5 d2 0-1

[Event "SC Weiler im Allgäu 1 - SV Jedesheim 1"]
[Site "Oberliga Württemberg 2017/2018"]
[Date "2017.09.17"]
[Round "1.6"]
[White "Wunder, Niklas"]
[Black "Engelhart, Achim"]
[Result "1-0"]
[WhiteElo "2090"]
[BlackElo "2073"]
[Annotator ""]
[Source ""]
[Remark ""]

1.d4 d5 2.c4 dxc4 3.e3 e5 4.dxe5 Qxd1+ 5.Kxd1 Be6 6.Nd2 Nc6 7.Bxc4
Nxe5 8.Bxe6 fxe6 9.Ngf3 Nxf3 10.Nxf3 Bc5 11.b3 Nf6 12.Bb2 O-O
13.Ke2 Rad8 14.Rac1 Bb6 15.Rhd1 Ne4 16.Rxd8 Rxd8 17.Rc4 Nf6 18.Ne5
c6 19.h3 Rd5 20.Nd3 Kf7 21.h4 Ke7 22.g4 g6 23.g5 Nh5 24.a4 Ba5
25.Be5 Kf7 26.Re4 Ke7 27.b4 Bb6 28.a5 Bd8 29.Bc3 b6 30.axb6 Bxb6
31.Ne5 Kd6 32.Nd3 Kd7 33.Be5 a5 34.bxa5 Rxa5 35.Rb4 Rb5 36.Ra4
Ra5 37.Rxa5 Bxa5 38.Nc5+ Ke7 39.Kd3 Kf7 40.Kc4 Bb6 41.Bc3 Bc7
42.Na6 Bh2 43.Nb4 e5 44.Nxc6 Ke6 45.Kd3 Kf5 46.e4+ Kg4 47.Nxe5+
Bxe5 48.Bxe5 Kxh4 49.f4 Kg4 50.Ke3 Ng3 51.Bd6 Nh5 52.Kd4 Nxf4
53.Bxf4 Kxf4 54.e5 Kxg5 55.Kd5 h5 56.e6 h4 57.e7 Kg4 58.e8Q g5
59.Qe4+ Kg3 60.Qe3+ Kg4 61.Ke4 h3 62.Qf3+ Kh4 63.Kf5 h2 64.Qg4# 1-0

[Event "SC Weiler im Allgäu 1 - SV Jedesheim 1"]
[Site "Oberliga Württemberg 2017/2018"]
[Date "2017.09.17"]
[Round "1.7"]
[White "Hofer, Emilian"]
[Black "Wunder, Fabian"]
[Result "1/2-1/2"]
[WhiteElo "2158"]
[BlackElo "2043"]
[Annotator ""]
[Source ""]
[Remark ""]

1.e4 d6 2.d4 Nf6 3.Nc3 c6 4.f4 Qa5 5.Bd3 e5 6.Nf3 exd4 7.Nxd4
g6 8.Nf3 Bg7 9.O-O O-O 10.Kh1 Nbd7 11.Bd2 Qc7 12.Be3 b5 13.a3
a6 14.Qd2 Bb7 15.b4 Rfe8 16.Rae1 c5 17.bxc5 Nxc5 18.e5 dxe5 19.Nxe5
Nxd3 20.cxd3 Rad8 21.d4 Rc8 22.Rc1 Qd6 23.Qb2 Rc7 24.Rc2 Rec8
25.Rfc1 Bf8 26.a4 b4 27.Na2 Nd5 28.Rxc7 Rxc7 29.Bd2 a5 30.Rxc7
Qxc7 31.Nc1 Nb6 32.Nb3 Nxa4 33.Qa2 Nc3 34.Qxa5 Qc8 35.Nc5 Nd5
36.Qa7 Bxc5 37.dxc5 Qa8 38.Qxa8+ Bxa8 39.Nd3 b3 40.Bc1 Bc6 41.Ba3
Bb5 42.Nc1 Bc4 43.c6 f6 44.Kg1 Kf7 45.Kf2 Ke6 46.Ne2 Bxe2 47.Kxe2
Nxf4+ 48.Kd2 Nd5 49.Kd3 Ne7 50.c7 Nc8 51.Kc4 Kd7 52.Bb2 f5 53.Kxb3
Kxc7 54.Kc4 Kd6 55.Kd4 Ke6 56.Bc1 Nd6 57.Bf4 Ne4 58.h3 Nf6 59.Bg5
Nd7 60.Bf4 Nf6 61.Bg5 Nd7 1/2-1/2

[Event "SC Weiler im Allgäu 1 - SV Jedesheim 1"]
[Site "Oberliga Württemberg 2017/2018"]
[Date "2017.09.17"]
[Round "1.8"]
[White "Hosticka, Frantisek"]
[Black "Stiepan, Hans-Michael"]
[Result "0-1"]
[WhiteElo "2090"]
[BlackElo "2086"]
[Annotator ""]
[Source ""]
[Remark ""]

1.e4 e6 2.d4 d5 3.e5 c5 4.c3 Nc6 5.Be3 Qb6 6.Qd2 Bd7 7.f4 Nh6
8.Nf3 Rc8 9.dxc5 Bxc5 10.Bxc5 Qxc5 11.Na3 O-O 12.Nc2 f6 13.Ncd4
fxe5 14.Nxc6 Bxc6 15.fxe5 Ng4 16.Qd4 Qxd4 17.cxd4 Ne3 18.Rc1
Ba4 19.Rxc8 Rxc8 20.b3 Be8 21.Kd2 Nf5 22.Bd3 Bg6 23.g4 Ne7 24.Ng5
Bxd3 25.Kxd3 Rc6 26.Rf1 Nc8 27.h4 h6 28.Nh3 Rc7 29.Nf4 Rf7 30.Ke2
Ne7 31.Nxe6 Rxf1 32.Kxf1 Nc6 33.Kf2 Kf7 34.Nc7 Nxd4 35.Ke3 Nc6
36.Kf4 d4 37.g5 hxg5+ 38.hxg5 d3 {Möglicherweise Zeitüberschreitung, wenngleich die Partieformulare hierüber keine Auskunft geben}
 0-1

[Event "TG Biberach 1 - SV Jedesheim 1"]
[Site "Oberliga Württemberg 2017/2018"]
[Date "2017.10.08"]
[Round "2"]
[White "Pikula, Dejan"]
[Black "Sinz, Bernhard"]
[Result "0-1"]
[WhiteElo "2486"]
[BlackElo "2364"]
[Annotator ""]
[Source ""]
[Remark ""]

1.e4 e5 2.Nf3 Nc6 3.Bb5 a6 4.Ba4 Nf6 5.O-O Be7 6.Re1 b5 7.Bb3
O-O 8.a4 b4 9.d3 d6 10.c3 Rb8 11.Nbd2 bxc3 12.bxc3 d5 13.Qc2
h6 14.exd5 Nxd5 15.Nxe5 Nxe5 16.Rxe5 Nf4 17.Nf3 Nxg2 18.Kxg2
Rb6 19.d4 Kh8 20.Rd5 Qe8 21.Ne5 Be6 22.c4 c6 23.Rc5 Bxc5 24.dxc5
Rb7 25.Qc3 f6 26.Nf3 Qg6+ 27.Kh1 Bh3 28.Ne1 Qe4+ 29.Nf3 Bg4 30.Kg2
Bxf3+ 31.Qxf3 Qxf3+ 32.Kxf3 Rxb3+ 33.Be3 f5 34.Kf4 g5+ 35.Ke5
Rd3 36.Ke6 Kg7 37.Rb1 Kg6 38.Rb6 Re8# 0-1

[Event "TG Biberach 1 - SV Jedesheim 1"]
[Site "Oberliga Württemberg 2017/2018"]
[Date "2017.10.08"]
[Round "2"]
[White "Oberst, Thomas"]
[Black "Krassowizkij, Jaroslaw"]
[Result "0-1"]
[WhiteElo "2270"]
[BlackElo "2448"]
[Annotator ""]
[Source ""]
[Remark ""]

1.c4 g6 2.Nc3 c5 3.g3 Bg7 4.Bg2 Nf6 5.d3 O-O 6.e4 Nc6 7.Nge2
Ne8 8.h4 h5 9.g4 hxg4 10.h5 d6 11.hxg6 fxg6 12.Be3 e5 13.Qd2
Nf6 14.Ng3 Qe7 15.O-O-O Nd4 16.Rdf1 Be6 17.f4 gxf3 18.Bxf3 Nxf3
19.Rxf3 Ng4 20.Bg5 Qd7 21.Rhf1 Rxf3 22.Rxf3 Rf8 23.Rxf8+ Bxf8
24.a3 Qf7 25.Kb1 a6 26.Nd5 b5 27.Ne2 Bxd5 28.cxd5 Qf1+ 29.Ka2
Nh2 30.Bh6 Be7 31.Nc1 Nf3 32.Qa5 Kh7 33.Be3 Bg5 34.Qc7+ Kh6 35.Bxg5+
Kxg5 36.Nb3 c4 37.dxc4 bxc4 38.Qxd6 cxb3+ 39.Kxb3 Nd4+ 40.Ka2
Qc4+ 41.Kb1 Qc2+ 42.Ka2 Qc4+ 43.Kb1 Nf3 44.Qe7+ Kf4 45.Qf6+ Kxe4
46.Qxg6+ Kxd5 47.Qf7+ Kd4 48.Qxf3 Qd3+ 49.Qxd3+ Kxd3 50.Kc1 Ke2
51.b4 e4 52.a4 e3 53.b5 axb5 54.axb5 Kf2 55.b6 e2 0-1

[Event "TG Biberach 1 - SV Jedesheim 1"]
[Site "Oberliga Württemberg 2017/2018"]
[Date "2017.10.08"]
[Round "2"]
[White "Kessler, Luca"]
[Black "Fischer, André"]
[Result "1-0"]
[WhiteElo "2388"]
[BlackElo "2226"]
[Annotator ""]
[Source ""]
[Remark ""]

1.e4 c5 2.Nf3 d6 3.d4 cxd4 4.Nxd4 Nf6 5.Nc3 a6 6.Bd3 e6 7.O-O
Be7 8.Kh1 Nc6 9.Nxc6 bxc6 10.f4 d5 11.Qe2 Qc7 12.b3 Bb7 13.Bb2
d4 14.Nd1 c5 15.c3 Qb6 16.Bc1 O-O 17.c4 Qc6 18.Nf2 Nd7 19.Bd2
f5 20.Rg1 Bh4 21.e5 g5 22.Raf1 Bxf2 23.Qxf2 g4 24.Qh4 Rf7 25.Rf2
Rg7 26.Re2 Nf8 27.Rb1 Ng6 28.Qh5 Nh8 29.Kg1 Nf7 30.Qh4 Rg6 31.b4
cxb4 32.Bxb4 Re8 33.Be1 g3 34.h3 Kh8 35.Qh5 Kg8 36.Reb2 Re7 37.Qe2
Nd8 38.Rb6 Qc8 39.Bb4 Rd7 40.Bd6 Nf7 41.c5 Nxd6 42.exd6 Qxc5
43.Rxb7 Rxb7 44.Rxb7 Qxd6 45.Qe5 1-0

[Event "TG Biberach 1 - SV Jedesheim 1"]
[Site "Oberliga Württemberg 2017/2018"]
[Date "2017.10.08"]
[Round "2"]
[White "Weiß, Oliver"]
[Black "Lukovic, Vladimir"]
[Result "1/2-1/2"]
[WhiteElo "2236"]
[BlackElo "2266"]
[Annotator ""]
[Source ""]
[Remark ""]

1.d4 d5 2.Bf4 Nf6 3.e3 c5 4.c3 Qb6 5.Qb3 c4 6.Qc2 g6 7.f3 Bf5
8.e4 dxe4 9.g4 Be6 10.fxe4 Nxe4 11.Qxe4 Qxb2 12.Bg2 Nc6 13.d5
Bxd5 14.Qxd5 Rd8 15.Qe4 Rd3 16.Nh3 Qxa1 17.O-O Qxa2 18.Be5 Rg8
19.Nf4 Rd7 20.Nd5 Qa5 21.Nf6+ exf6 22.Bc7+ Re7 23.Qxc6+ bxc6
24.Bxc6+ Rd7 25.Bxa5 Bc5+ 26.Kg2 Ke7 27.Bxd7 Kxd7 28.Rxf6 Rb8
29.Bb4 Bxb4 30.cxb4 Rxb4 31.Nc3 Rb3 32.Na4 Ra3 33.Nc5+ Ke7 34.Rc6
Ra2+ 35.Kg3 Ra3+ 36.Kg2 Ra2+ 37.Kg3 Ra3+ 38.Kg2 1/2-1/2

[Event "TG Biberach 1 - SV Jedesheim 1"]
[Site "Oberliga Württemberg 2017/2018"]
[Date "2017.10.08"]
[Round "2"]
[White "Matt, Fabian"]
[Black "Mack, Wolfgang"]
[Result "1-0"]
[WhiteElo "2257"]
[BlackElo "2140"]
[Annotator ""]
[Source ""]
[Remark ""]

1.e4 g6 2.d4 Bg7 3.Nc3 c6 4.Nf3 d5 5.h3 dxe4 6.Nxe4 Nd7 7.c3
Ngf6 8.Bd3 Qc7 9.Nxf6+ Nxf6 10.O-O O-O 11.Bg5 c5 12.Re1 Be6 13.Qe2
c4 14.Bc2 b5 15.a4 a6 16.axb5 axb5 17.Be4 Ra5 18.Rxa5 Qxa5 19.Ne5
b4 20.Bxf6 Bxf6 21.Nc6 Qb6 22.d5 Bd7 23.Nxb4 Qc5 24.Qe3 Qb5 25.Ra1
e6 26.Ra7 Be7 27.d6 Bxd6 28.Qd2 Bxb4 29.cxb4 Qe5 30.Bf3 Bb5 31.Qc3
Qb8 32.Rb7 Qe8 33.Rc7 Qb8 34.Qe5 Rd8 35.Qc5 Ba6 36.g3 h5 37.Bxh5
Rc8 38.Rxc8+ Qxc8 39.Qxc8+ Bxc8 40.Bf3 Bd7 41.Kf1 Kf8 42.Ke2
e5 43.h4 Ke7 44.Kd2 Kd6 45.Kc3 f6 46.g4 Be8 47.h5 gxh5 48.gxh5
f5 49.h6 Bg6 50.Be2 Bh7 51.Kxc4 1-0

[Event "TG Biberach 1 - SV Jedesheim 1"]
[Site "Oberliga Württemberg 2017/2018"]
[Date "2017.10.08"]
[Round "2"]
[White "Sokratov, Stanislav"]
[Black "Anistratov, Dmitriy"]
[Result "0-1"]
[WhiteElo "2168"]
[BlackElo "2233"]
[Annotator ""]
[Source ""]
[Remark ""]

1.d4 d6 2.Nf3 Nf6 3.c4 c6 4.Nc3 Nbd7 5.d5 cxd5 6.cxd5 Qa5 7.Qd2
g6 8.e3 Bg7 9.Be2 O-O 10.Rb1 a6 11.O-O Qc7 12.b4 Nb6 13.Qd3 Bd7
14.Bd2 Rfc8 15.Rfc1 Qd8 16.Be1 Bf5 17.e4 Rxc3 18.Qxc3 Bxe4 19.Bd3
Nfxd5 20.Qb3 Bxf3 21.gxf3 Bh6 22.Rd1 e6 23.f4 Bxf4 24.Bf1 Qh4
25.Qh3 Qg5+ 26.Kh1 Rc8 27.b5 axb5 28.Rxb5 Ra8 29.Rdb1 Nd7 30.Rxb7
N5f6 31.R1b2 Qd5+ 32.Qg2 Rc8 33.Qxd5 exd5 34.Bd2 Be5 35.Rb1 Kg7
36.Bh3 Rc2 37.Bxd7 Rxd2 38.Be6 Rxa2 39.f4 Bc3 40.Bxf7 Kh6 41.R7b6
Ng4 42.R6b5 Rxh2+ 43.Kg1 Bd4+ 44.Kf1 Rf2+ 45.Ke1 Bc3+ 46.Kd1
Ne3+ 0-1